Colleges and Universities in Iowa Quiz Stats

Quiz not verified by Sporcle

Challenge
Share
Tweet
Embed
Score 0/28 Timer 10:00
0 Plays Today
City College or University % Correct
AmesIowa State
98.6%
Iowa CityIowa
98.6%
Cedar FallsUNI
94.8%
Des MoinesDrake
87.7%
Cedar RapidsCoe
78.7%
WaverlyWartburg
75.4%
GrinnellGrinnell
75.4%
DubuqueDubuque
73.9%
PellaCentral
71.6%
DecorahLuther
70.6%
IndianolaSimpson
67.8%
FayetteUpper Iowa
64%
Storm LakeBuena Vista
63%
DubuqueLoras
62.6%
City College or University % Correct
Mount VernonCornell
61.6%
Des MoinesGrand View
52.1%
Orange CityNorthwestern
50.7%
DavenportSt. Ambrose
49.8%
Sioux CityMorningside
49.3%
OskaloosaWilliam Penn
48.3%
Cedar RapidsMount Mercy
47.4%
Forest CityWaldorf
42.2%
Sioux CenterDordt
40.3%
DubuqueClarke
39.3%
LamoniGraceland
37.4%
Mt. PleasantIowa Wesleyan
33.2%
Sioux CityBriar Cliff
32.7%
ClintonAshford
17.1%

You're not logged in!

Compare scores with friends on all Sporcle quizzes.
Join for Free
OR
Log In

You Might Also Like...

Show Comments

Extras

Top Quizzes Today


Score Distribution

Your Account Isn't Verified!

In order to create a playlist on Sporcle, you need to verify the email address you used during registration. Go to your Sporcle Settings to finish the process.

Report this User

Report this user for behavior that violates our Community Guidelines.

Details: